Words Starting With Q - Statistics

General Stats
  • This quiz has been taken 31 times
  • The average score is 20 of 30
Answer Stats
Hint Answer % Correct
a duck sound Quack
100%
1/4 Quarter
100%
the kings wife Queen
100%
absence of noise Quiet
100%
rapidity of movement Quick
97%
a blanket Quilt
97%
a test Quiz
97%
a ground bird with a feather on its head Quail
93%
hard, crystalline mineral composed of silica Quartz
93%
a pen for writing made from the stiff feather of a bird Quill
93%
give up Quit
93%
an argument Quarrel
90%
who, what, when, where, how? Question
87%
a shaking of tremor Quake
83%
a search to find something Quest
73%
a unique behavior or characteristic Quirk
70%
a deep, semifluid deposit of sand where a heavy object may be engulfed Quicksand
57%
words or phrases taken from someone else’s writing Quotation
53%
the result when you divide one number by another Quotient
53%
gets things out of ears Q-Tip
47%
an amount, measure, or number Quantity
47%
high protein seed that could be ground into flour Quinoa
47%
a distinctive characteristic or trait Quality
43%
a Mexican dish Quesadilla
43%
a type of medicine Quinine
30%
the part of a goal assigned to someone Quota
27%
four sided shape Quadrilateral
20%
a person or thing that fits the requirement for something Qualifier
13%
medieval weapon Quarterstaff
10%
an ability or aptitude Qualification
7%
No matching quizzes found
Score Distribution
Percent of People with Each Score
Percentile by Number Answered
Your Score History
You have not taken this quiz